00674nam a2200193Ia 4500008004100000100002100041245012400062260001100186300001900197440003900216521000800255650001600263650002600279650002800305650003700333942000700370999001900377952008400396140626s9999 xx 000 0 und d aSmith, Marianne. aDepression treatment in assisted living settings :bis an innovative approach feasible? /cMarianne Smith ... [et al.]. cc2013. a6 : 1, page 98 aResearch in Gerontological Nursing aNUR aDepression. aFeasibility approach. aTreatment/intervention. aWelfare assisted living setting. cSE c121457d121457 001040aCLbCLcPERd2014-06-26l0pS0565r2014-06-26 00:00:00w2014-06-26ySE